Ч. 1: Основы механики жидкости и газа; Гидравлика и гидропневмопривод

Bibliografiske detaljer
Parent link:Гидравлика и гидропневмопривод: учебник/ А. А. Шейпак; Московский государственный индустриальный университет; Институт дистанционного образования. Ч. 1: Основы механики жидкости и газа.— , 2006.— 5-276-00905-8
Summary:Учебное пособие включает все дидактические единицы по механике жидкости и газа (гидравлике) в соответствии с примерной программой Минобразования РФ для машиностроительных направлений и специальностей. Разделы 16, 17, 18 и 19 предназначены в основном для самостоятельной работы и расширения кругозора студентов. Они также являются введением ко второй части курса, посвященной гидравлическим машинам, гидравлическим и пневматическим приводам.
Sprog:russisk
Udgivet: 2006
Udgivelse:5-е изд., перераб. и доп.
Fag:
Format: MixedMaterials Bog
KOHA link:https://koha.lib.tpu.ru/cgi-bin/koha/opac-detail.pl?biblionumber=109004

MARC

LEADER 00000nam2a2200000 4500
001 109004
005 20231031115904.0
010 |a 5276009066 
035 |a (RuTPU)RU\TPU\book\117664 
035 |a RU\TPU\book\93449 
090 |a 109004 
100 |a 20051205d2006 m y0rusy50 ca 
101 0 |a rus 
102 |a RU 
105 |a a j 001zy 
200 0 |a Ч. 1: Основы механики жидкости и газа 
205 |a 5-е изд., перераб. и доп. 
210 |d 2006 
215 |a 267 с.  |c ил. 
320 |a Библиогр.: с. 258-261. 
330 |a Учебное пособие включает все дидактические единицы по механике жидкости и газа (гидравлике) в соответствии с примерной программой Минобразования РФ для машиностроительных направлений и специальностей. Разделы 16, 17, 18 и 19 предназначены в основном для самостоятельной работы и расширения кругозора студентов. Они также являются введением ко второй части курса, посвященной гидравлическим машинам, гидравлическим и пневматическим приводам. 
461 1 |0 (RuTPU)RU\TPU\book\123529  |y 5-276-00905-8  |t Гидравлика и гидропневмопривод  |o учебник  |f А. А. Шейпак  |g Московский государственный индустриальный университет; Институт дистанционного образования  |v Ч. 1: Основы механики жидкости и газа  |d 2006 
610 1 |a гидравлика 
610 1 |a жидкость 
610 1 |a газ 
610 1 |a механика 
610 1 |a физические свойства 
610 1 |a кинематика 
610 1 |a статика 
610 1 |a динамика 
610 1 |a законы 
610 1 |a уравнения 
610 1 |a уравнения Рейнольдса 
610 1 |a уравнения Навье-Стокса 
610 1 |a уравнения Эйлера 
610 1 |a равновесие 
610 1 |a идеальная жидкость 
610 1 |a гидромеханические процессы 
610 1 |a турбулентность 
610 1 |a численные методы 
610 1 |a одномерные потоки 
610 1 |a трубопроводы 
610 1 |a гидравлические машины 
610 1 |a аппараты 
610 1 |a течение 
610 1 |a пневматические приводы 
610 1 |a безнапорные потоки 
610 1 |a учебные пособия 
675 |a 532(075.8)  |v 3 
675 |a 62-82(075.8)  |v 3 
675 |a 62-85(075.8)  |v 3 
801 1 |a RU  |b 63413507  |c 20070130  |g PSBO 
801 2 |a RU  |b 63413507  |c 20150518  |g PSBO 
900 |a Гидравлика 
900 |a Гидравлика, гидро-и пневмопривод 
900 |a Механика жидкости и газа 
900 |a Гидравлика и гидропневмопривод 
942 |c BK 
951 |b 190201 
959 |a 11/20070130  |d 1  |e 200,00  |f НФ:1 
959 |a 35/20070428  |d 9  |e 0  |f УФ:9